000 00387nam a2200133Ia 4500
008 151001s9999||||xx |||||||||||||| ||und||
100 _aव मा खाडिलकर
245 _aश्री गंधर्ववेद
250 _a2
260 _bगंधर्व -वेद प्रकाशन पुणे
260 _c1983
300 _a276
365 _b21
999 _c964304
_d964301